000 00678nam a2200205Ia 4500
003 IN-BaIIA
008 211028s9999 xx s 000 0 eng d
020 _a978-2-7598-9001-9 (Online)
022 _a1633-4760 (Print)
022 _a1638-1963 (Online)
040 _cIIA Library
100 _aFraix-Burnet, D., ed.
_938270
245 0 _aStatistics for Astrophysics: Clustering and Classification
_h[eBook]
260 _aFrance
_bEDP Sciences
_c2016
300 _a257p.
490 _aEAS Publications Series
700 _aGirard, S.
_938271
856 _uhttps://www.eas-journal.org/articles/eas/abs/2016/01/contents/contents.html
_yClick Here to Access eBook
942 _cEB
999 _c20666
_d20666